| Tag |
First Indicator |
Second Indicator |
Subfields |
| LEADER |
00000nam a2200000 i 4500 |
| 001 |
in00004586613 |
| 003 |
OCoLC |
| 005 |
20220331161943.0 |
| 006 |
m o d f |
| 007 |
cr ||||||||||| |
| 008 |
220331s2020 dcua o f000 0 eng c |
| 035 |
|
|
|a (OCoLC)on1306924286
|
| 040 |
|
|
|a GPO
|b eng
|e rda
|e pn
|c GPO
|d MvI
|
| 042 |
|
|
|a pcc
|
| 043 |
|
|
|a n-us---
|
| 049 |
|
|
|a WWW
|
| 074 |
|
|
|a 0876 (online)
|
| 086 |
0 |
|
|a S 1.2:P 94/8
|
| 245 |
0 |
4 |
|a The 3PS :
|b prosecution, protection, and prevention.
|
| 264 |
|
1 |
|a Washington, DC :
|b United States Department of State, Office to Monitor and Combat Trafficking in Persons,
|c 2020.
|
| 300 |
|
|
|a 1 online resource (2 unnumbered pages) :
|b color illustrations
|
| 336 |
|
|
|a text
|b txt
|2 rdacontent
|
| 337 |
|
|
|a computer
|b c
|2 rdamedia
|
| 338 |
|
|
|a online resource
|b cr
|2 rdacarrier
|
| 588 |
|
|
|a Description based on online resource, PDF version; title from caption (Department of the State, viewed March 30, 2022).
|
| 500 |
|
|
|a "June 2020"--Page 2.
|
| 500 |
|
|
|a GPO Cataloging Record Distribution Program (CRDP).
|
| 650 |
|
0 |
|a Human trafficking
|x Prevention.
|
| 650 |
|
0 |
|a Human trafficking
|x Investigation
|z United States.
|
| 650 |
|
0 |
|a Human trafficking victims
|x Services for
|z United States.
|
| 710 |
1 |
|
|a United States.
|b Department of State.
|b Office to Monitor and Combat Trafficking in Persons,
|e issuing body.
|
| 856 |
4 |
0 |
|u https://purl.fdlp.gov/GPO/gpo176611
|t 0
|
| 999 |
f |
f |
|i 939ca3b0-6520-46b3-aac6-da13ef3600b4
|s 8ccbfcbf-79d0-4324-b08f-e2f8cb35687c
|t 0
|
| 952 |
f |
f |
|a Texas A&M University
|b College Station
|c Electronic Resources
|d Available Online
|t 0
|e S 1.2:P 94/8
|h Superintendent of Documents classification
|
| 998 |
f |
f |
|a S 1.2:P 94/8
|t 0
|l Available Online
|